| 000 | 01282nam a22003737a 4500 | ||
|---|---|---|---|
| 003 | CHAP | ||
| 005 | 20220329143422.0 | ||
| 008 | 090603s2002 mx r 00010 spa d | ||
| 010 | _a96305 | ||
| 011 | _a97277 | ||
| 020 | _a9707060387 (Obra completa) | ||
| 035 | _a107941 | ||
| 040 | _cCHAP | ||
| 082 | 0 | 4 |
_a371.1024 _bSu77 |
| 100 | 1 |
_aSureda, Rosa _9110767 |
|
| 245 | 1 | 3 |
_aLa disciplina en el aula : _bactividades para situaciones problemáticas _c/por Rosa Sureda |
| 260 |
_aPuebla, México : _bGil, _c2002 |
||
| 300 |
_a3v. _bilus. |
||
| 590 |
_aBATCH-UPD _b10 _c20130110 _lUCH01 _h0645 |
||
| 590 |
_aBATCH-UPD _b10 _c20130410 _lUCH01 _h0329 |
||
| 590 |
_aBATCH-UPD _b10 _c20130914 _lUCH01 _h1026 |
||
| 590 |
_aCONVERSION _b10 _c20130109 _lUCH01 _h1353 |
||
| 650 | 1 | 4 |
_aAprendizaje. _96370 |
| 650 | 1 | 4 |
_aConducta (Psicología) _926343 |
| 650 | 1 | 4 |
_aDisciplina escolar. _932710 |
| 650 | 1 | 4 |
_aEnseñanza. _937085 |
| 650 | 1 | 4 |
_aMaestros. _969754 |
| 650 | 1 | 4 |
_aNiños. _981369 |
| 901 | _aBK | ||
| 942 | _cLIBRO | ||
| 949 |
_a371.1024 Su77 _bBC _cLIBRO _d33724002094124 _eLIBRO _fvol. 1 _h110621 _i107941 _sb |
||
| 949 |
_a371.1024 Su77 _bBC _cLIBRO _d33724002094165 _eLIBRO _fvol. 2 _h110622 _i107941 _sb |
||
| 949 |
_a371.1024 Su77 _bBC _cLIBRO _d33724002094207 _eLIBRO _fvol. 3 _h110623 _i107941 _sb |
||
| 999 |
_c96305 _d96305 |
||